Application of Computational Intelligence to Biology

This book is a contribution of translational and allied research to the proceedings of the International Conference on Computational Intelligence and Soft Computing. It explains how various computational intelligence techniques can be applied to investigate various biological problems. It is a good...

Full description

Bibliographic Details
Corporate Author: SpringerLink (Online service)
Other Authors: Bhramaramba, Ravi (Editor), Sekhar, Akula Chandra (Editor)
Format: Electronic eBook
Language:English
Published: Singapore : Springer Singapore : Imprint: Springer, 2016.
Series:SpringerBriefs in Applied Sciences and Technology,
Subjects:
Online Access:Full Text via HEAL-Link
LEADER 03193nam a22005655i 4500
001 978-981-10-0391-2
003 DE-He213
005 20160506152203.0
007 cr nn 008mamaa
008 160506s2016 si | s |||| 0|eng d
020 |a 9789811003912  |9 978-981-10-0391-2 
024 7 |a 10.1007/978-981-10-0391-2  |2 doi 
040 |d GrThAP 
050 4 |a Q342 
072 7 |a UYQ  |2 bicssc 
072 7 |a COM004000  |2 bisacsh 
082 0 4 |a 006.3  |2 23 
245 1 0 |a Application of Computational Intelligence to Biology  |h [electronic resource] /  |c edited by Ravi Bhramaramba, Akula Chandra Sekhar. 
264 1 |a Singapore :  |b Springer Singapore :  |b Imprint: Springer,  |c 2016. 
300 |a IX, 102 p. 60 illus., 42 illus. in color.  |b online resource. 
336 |a text  |b txt  |2 rdacontent 
337 |a computer  |b c  |2 rdamedia 
338 |a online resource  |b cr  |2 rdacarrier 
347 |a text file  |b PDF  |2 rda 
490 1 |a SpringerBriefs in Applied Sciences and Technology,  |x 2191-530X 
505 0 |a Enhancing the performance of Multi-parameter Patient Monitors by Homogeneous Kernel Maps -- Augmenting the performance of Multi-patient Parameter Monitoring system -- An Efficient Classification Model based on Ensemble of Fuzzy-Rough Classifier for Analysis of Medical Data -- A Comparative Study of Various Minutiae Extraction Methods for Fingerprint Recognition Based on Score Level Fusion -- Hybrid Model for Analysis of Abnormalities in Diabetic Cardiomyopathy -- Computational Screening of DrugBank DataBase for Novel Cell Cycle Inhibitors -- Pathway analysis of highly conserved Mitogen Activated Protein Kinases (MAPKs) -- Identification of drug targets from integrated database of diabetes mellitus Genes using Protein-Protein Interactions -- Distributed Data Mining for modeling and prediction of skin condiction in Cosmetic Industry - A Rough Set Theory Approach. 
520 |a This book is a contribution of translational and allied research to the proceedings of the International Conference on Computational Intelligence and Soft Computing. It explains how various computational intelligence techniques can be applied to investigate various biological problems. It is a good read for Research Scholars, Engineers, Medical Doctors and Bioinformatics researchers. 
650 0 |a Engineering. 
650 0 |a Health informatics. 
650 0 |a Diabetes. 
650 0 |a Bioinformatics. 
650 0 |a Proteins. 
650 0 |a Computational intelligence. 
650 0 |a Biomedical engineering. 
650 1 4 |a Engineering. 
650 2 4 |a Computational Intelligence. 
650 2 4 |a Computational Biology/Bioinformatics. 
650 2 4 |a Diabetes. 
650 2 4 |a Protein Structure. 
650 2 4 |a Biomedical Engineering. 
650 2 4 |a Health Informatics. 
700 1 |a Bhramaramba, Ravi.  |e editor. 
700 1 |a Sekhar, Akula Chandra.  |e editor. 
710 2 |a SpringerLink (Online service) 
773 0 |t Springer eBooks 
776 0 8 |i Printed edition:  |z 9789811003905 
830 0 |a SpringerBriefs in Applied Sciences and Technology,  |x 2191-530X 
856 4 0 |u http://dx.doi.org/10.1007/978-981-10-0391-2  |z Full Text via HEAL-Link 
912 |a ZDB-2-ENG 
950 |a Engineering (Springer-11647)